| 000 | 00858nam a2200253 a 4500 | ||
|---|---|---|---|
| 001 | 50636 | ||
| 003 | BD-RjUL | ||
| 005 | 20211209075536.0 | ||
| 008 | 160828s1966 enk b 001 0 eng | ||
| 035 | _a(BD-RjUL)50756 | ||
| 040 |
_aDLC _cDLC _dBD-RjUL _beng |
||
| 041 | _aeng | ||
| 082 | 0 | 0 |
_a613.7 _223 _bHAH 1966 |
| 100 | 1 | 0 |
_aHackensmith, C. W. _9151623 |
| 245 | 1 | 0 |
_aHistory of physical education _cC. W. Hackensmith. |
| 260 |
_aNew York : _bHarper & Row, _cc1966 |
||
| 300 |
_aviii, 566 p. ; _c22 cm. |
||
| 490 | 0 | _aHarper's school and public health education, physical education, and recreation series | |
| 500 | _aInclude index | ||
| 650 | 0 |
_aPhysical education and training _xHistory. _9149682 |
|
| 856 | _3 Harper's series in school and public health education, physical education, and recreation. | ||
| 942 |
_2ddc _cBK |
||
| 999 |
_c50636 _d50636 |
||